000 00478nam a22001577a 4500
082 _a621.3
_bMUH
100 _aMuhammad Hamza (363712)
_9126306
245 _aPrototype Development of Smog-Free Tower for Sustainable Urban Environment /
264 _aIslamabad :
_bUSPCAS-E, NUST
_cSeptember, 2024.
300 _axiv, 63 p.
_e+CD
520 _aTH-587
650 _aMS TEE Thesis
_9116575
650 _aMS Thesis
_918721
700 _aDr. Sana Yaqub
_9124859
942 _2ddc
_cTHE
999 _c612005
_d612005